Hóa học và hóa lý polyme
Nội dung giới thiệu tổng quan về vật liêu Polyme, hóa học polyme bao gồm các phương pháp tổng hợp và biến tính polyme. Lý thuyết cơ sở, trạng thái và bản chất của các tính chất vật lý, cơ lý...
Wedi'i Gadw mewn:
| Prif Awdur: | |
|---|---|
| Fformat: | Llyfr |
| Iaith: | Undetermined |
| Cyhoeddwyd: |
Thành phố Hồ Chí Minh
Đại học Quốc gia Thành phố Hồ Chí Minh
2002
|
| Pynciau: | |
| Tagiau: |
Ychwanegu Tag
Dim Tagiau, Byddwch y cyntaf i dagio'r cofnod hwn!
|
| Thư viện lưu trữ: | Trung tâm Học liệu Trường Đại học Cần Thơ |
|---|
| LEADER | 00897nam a2200205Ia 4500 | ||
|---|---|---|---|
| 001 | CTU_148449 | ||
| 008 | 210402s9999 xx 000 0 und d | ||
| 020 | |c 16500 | ||
| 082 | |a 547.7 | ||
| 082 | |b B312 | ||
| 100 | |a Phan, Thanh Bình | ||
| 245 | 0 | |a Hóa học và hóa lý polyme | |
| 245 | 0 | |c Phan Thanh Bình | |
| 260 | |a Thành phố Hồ Chí Minh | ||
| 260 | |b Đại học Quốc gia Thành phố Hồ Chí Minh | ||
| 260 | |c 2002 | ||
| 520 | |a Nội dung giới thiệu tổng quan về vật liêu Polyme, hóa học polyme bao gồm các phương pháp tổng hợp và biến tính polyme. Lý thuyết cơ sở, trạng thái và bản chất của các tính chất vật lý, cơ lý... | ||
| 650 | |a Conducting polymers,Chemistry | ||
| 904 | |i Qhieu | ||
| 980 | |a Trung tâm Học liệu Trường Đại học Cần Thơ | ||